La civilización azteca /

Análisis sobre el origen y desarrollo de la cultura azteca. Considerada como una de las grandes civilizaciones de la humanidad, es un componente fundamental de la herencia cultural mexicana.

Sparad:
Bibliografiska uppgifter
Huvudupphov: Vaillant, George Clapp (autor)
Övriga upphov: Vasconcelos, Samuel (traducción) (traducción)
Materialtyp: Bok
Språk:spanska
Utgiven: México : Fondo de Cultura Económica, 1955, c1955
Upplaga:2a edición
Serie:(Sección de Obras de Antropología)
Ämnen:
Taggar: Lägg till en tagg
Inga taggar, Lägg till första taggen!

MARC

LEADER 00000nam^a2200000^a^4500
001 000306453
005 20250611132059.0
009 20260310112819.137
037 |a Acervo Xavier Clavigero 
041 |a ESP 
082 |a 972. 01  |b VAI 
100 |a Vaillant, George Clapp  |e (autor) 
240 1 4 |a [La civilización azteca] 
245 1 4 |a La civilización azteca /  |c G.C. Vaillant ; tr. por S. Vasconcelos. 
250 |a 2a edición 
264 4 |a México :  |b Fondo de Cultura Económica,  |c 1955, c1955 
300 |a 316 p. 
336 |a texto  |b txt  |2 rdacontenido 
337 |a sin mediación  |b n  |2 rdamedio 
338 |a volumen  |b nc  |2 rdasoporte 
440 1 |a (Sección de Obras de Antropología) 
500 |a Traducción de: The Aztecs of Mexico: Origin, Rise and Fall of the Aztec Nation 
520 |a Análisis sobre el origen y desarrollo de la cultura azteca. Considerada como una de las grandes civilizaciones de la humanidad, es un componente fundamental de la herencia cultural mexicana. 
649 |a XX 
650 |a Aztecas -  |x Historia -  |x Tema Principal 
650 |a Nahuas -  |x Historia 
650 |a Indígenas de México -  |x Historia -  |y Epoca Prehispánica 
650 |a México -  |x Historia -  |y Epoca Prehispánica -  |x Tema Principal 
700 |a Vasconcelos, Samuel  |e (traducción) 
910 |a Fondo General 
920 |a Impresos - Libros 
930 |a Colección General 
905 |a 101 
901 |a 021631  |b IT1  |c ACC  |u 20250521 
902 |a https://opac.biblio.iteso.mx/vufind/Record/000306453